000 00437nam a2200157 i 4500
001 99150
003 ES-MaACL
005 20230906182441.0
007 t|
008 050902s1966 sp ||||1| spa d
100 1 _aMartín Artajo, Javier.
_977400
245 1 3 _aLa voz de la tierra /
_cJavier Martín Artajo.
260 _aMadrid :
_b[s.n.],
_c1966 (
_fImp. Rayear)
300 _a204 p. ;
_c21 cm.
852 _aES-MaACL
_jC-28888
_bR.58354
999 _c99150
_d99150